Biggest Lakes by Letter - Statistics

General Stats
  • This quiz has been taken 35 times
  • The average score is 11 of 21
Answer Stats
Letter Size (km2) Lake % Correct
C 371,000 Caspian Sea
94%
E 25,700 Lake Erie
94%
H 59,600 Lake Huron
94%
M 58,000 Lake Michigan
90%
S 82,100 Lake Superior
90%
V 68,900 Lake Victoria
90%
B 31,500 Lake Baikal
87%
O 19,000 Lake Ontario
84%
T 32,600 Lake Tanganyika
61%
G 31,000 Great Bear Lake
52%
W 24,500 Lake Winnipeg
45%
L 18,100 Lake Ladoga
42%
N 8,260 Lake Nicaragua
32%
A 7,850 Lake Athabasca
26%
Q 4,490 Qinghai Lake
23%
I 6,200 Issyk-Kul
13%
R 6,330 Reindeer Lake
13%
P 3,560 Lake Peipus
10%
U 6,000 Lake Urmia
10%
K 4,190 Lake Khanka
6%
D 3,830 Dubawnt Lake
3%
No matching quizzes found
Score Distribution
Percent of People with Each Score
Percentile by Number Answered
Your Score History
You have not taken this quiz